Quản lý thay đổi hạ tầng mạng với giải pháp optiview /

محفوظ في:
التفاصيل البيبلوغرافية
المؤلف الرئيسي: Nguyễn Long.
التنسيق: مقال
اللغة:Vietnamese
الموضوعات:
الوسوم: إضافة وسم
لا توجد وسوم, كن أول من يضع وسما على هذه التسجيلة!
Thư viện lưu trữ: Thư viện Trường Đại học Đà Lạt
LEADER 00823nam a2200265 4500
001 DLU100111274
005 ##20100906
040 # # |a DLU  |b vie 
041 # # |a vie 
044 # # |a vn 
100 # # |a Nguyễn Long. 
245 # # |a Quản lý thay đổi hạ tầng mạng với giải pháp optiview /  |c Nguyễn Long. 
653 # # |a Công nghệ thông tin 
653 # # |a Hệ thống thông tin quản lí 
653 # # |a Quản trị mạng 
773 # # |t Tạp chí Công nghệ thông tin và truyền thông  |g Số 2,kỳ 2, 2008, tr. 51-54 
920 # # |a Phòng Tạp chí -- Trung tâm Thông tin - Thư viện Trường Đại học Đà Lạt 
994 # # |a DLU 
900 # # |a True 
911 # # |a Nguyễn Thị Linh Chi 
925 # # |a G 
926 # # |a A 
927 # # |a BB 
980 # # |a Thư viện Trường Đại học Đà Lạt